000 00637nam a2200181Ia 4500
008 090630s9999 xx 000 0 und d
082 _b24605
100 _aमहाले रमेश.
245 _aआरोग्यासाठी औषधे.
_cमहाले रमेश.
260 _bमहाजन पब्लि. हाऊस - पुणे.
300 _a0
600 _aमहाले रमेश.
630 _aआरोग्यासाठी औषधे.
655 _aइतर.
700 _aमहाले रमेश.
730 _aआरोग्यासाठी औषधे.
942 _cBOOK
999 _c276461
_d276461